| 000 | 00692nam a2200193 a 4500 | ||
|---|---|---|---|
| 999 |
_c1544 _d1544 |
||
| 001 | 1544 | ||
| 003 | CDMR | ||
| 005 | 20230905141110.0 | ||
| 008 | 130130s2001||||||||||||||||||||||||||||d | ||
| 020 | _a8439354509 | ||
| 040 |
_aCDMR _bcat _cCDMR |
||
| 100 | 1 |
_aFranquet, Rosa _9210 |
|
| 245 | 1 | 0 |
_aHistòria de la ràdio a Catalunya al segle XX _b: de la ràdio galena a la ràdio digital _c/ Rosa Franquet i Calvet |
| 260 |
_aBarcelona : _bGeneralitat de Catalunya. Departament de la Presidència. Direcció General de Radiodifusió i Televisió, _c[2001] |
||
| 300 | _a374 p. | ||
| 490 |
_aTextos i documents _v; 19 |
||
| 650 | 0 | 4 |
_93105 _aRadiodifusió _zCatalunya _xHistòria |
| 942 |
_cMON _2ddc |
||